| 000 | 01305nam0a2200301 4500 | ||
|---|---|---|---|
| 001 | RU\NLR\bibl\1834076 | ||
| 005 | 20260408152827.0 | ||
| 010 |
_a978-5-7262-1251-7 _9100 |
||
| 021 |
_aRU _b2011-82829 _95905 |
||
| 035 | _a(NLR Aleph) 001824566 | ||
| 090 |
_a2052651 _c2052651 |
||
| 100 | _a20111115d2010 u y0rusy50 ca | ||
| 101 | 0 | _arus | |
| 102 | _aRU | ||
| 105 | _aa ||||||||| | ||
| 200 | 1 |
_aОсновы теории графов _eучебное пособие для студентов высших учебных заведений _fА.Н. Тихомирова _gМ-во образования и науки Рос. федерации, Нац. исслед. ядер. ун-т "Мифи" |
|
| 210 |
_aМосква _cМИФИ _d2010 |
||
| 215 |
_a209 с. _cил. _d21 |
||
| 225 | 1 | _aБиблиотека ядерного университета | |
| 320 | _aБиблиогр.: с. 209 (17 назв.) | ||
| 606 |
_aГрафы (мат.) _xТеория _jУчебные издания для высших учебных заведений _3RU\NLR\auth\6623561 _9929696 |
||
| 686 | _aВ182.1я73-1 | ||
| 700 | 1 |
_aТихомирова _bА. Н. _gАнна Николаевна _4070 |
|
| 801 | 0 |
_aRU _bNLR _c20111115 _gRCR |
|
| 801 | 1 |
_aRU _bNLR _c20111115 |
|
| 942 | _cBOOK | ||
| 980 | _aNB | ||